000 nam a22 7a 4500
999 _c8906
_d8906
008 180120b ||||| |||| 00| 0 eng d
100 _aSiddiqi M. N
_95222
245 _aMathematics
260 _aNew Delhi
_bNavdeep Publication
_c2008